Tapping systems adopted by small growers of Taliparamba taluk and its impact on yield of rubber (Record no. 52797)

MARC details
000 -LEADER
fixed length control field 00458nam a2200121Ia 4500
100 ## - MAIN ENTRY--AUTHOR NAME
Personal name Raman V.R.
245 #0 - TITLE STATEMENT
Title Tapping systems adopted by small growers of Taliparamba taluk and its impact on yield of rubber
260 ## - PUBLICATION, DISTRIBUTION, ETC. (IMPRINT)
Name of publisher Dissertation, PG Diploma in Natural Rubber Production, Kerala Agricultural University, Trichur, India, 58 p.
Year of publication 1994
650 ## - SUBJECT ADDED ENTRY--TOPICAL TERM
Topical Term Smallholdings
650 ## - SUBJECT ADDED ENTRY--TOPICAL TERM
Topical Term Tapping system
942 ## - ADDED ENTRY ELEMENTS (KOHA)
Koha item type Bibliography STAF
Holdings
Withdrawn status Lost status Damaged status Not for loan Home library Current library Date acquired Koha item type
      Bibliography RRII Library RRII Library 09/04/2014 Bibliography STAF